llegal Labelling and Sales of Halal Meat and Food Products / (Record no. 60)

MARC details
000 -LEADER
fixed length control field 00958nmb a2200289uu 4500
001 - CONTROL NUMBER
control field 02673
003 - CONTROL NUMBER IDENTIFIER
control field HDC
007 - PHYSICAL DESCRIPTION FIXED FIELD--GENERAL INFORMATION
fixed length control field cr aa aaaau
008 - FIXED-LENGTH DATA ELEMENTS--GENERAL INFORMATION
fixed length control field 201217p200806 enkq|||| |||| 00| 0 eng d
040 ## - CATALOGING SOURCE
Original cataloging agency HDC
100 ## - MAIN ENTRY--PERSONAL NAME
Personal name Pointing, John
Relator term author
9 (RLIN) 292
245 #0 - TITLE STATEMENT
Title llegal Labelling and Sales of Halal Meat and Food Products /
Statement of responsibility, etc. John Pointing, Yunes Teinaz, Shuja Shafi
260 ## - PUBLICATION, DISTRIBUTION, ETC.
Place of publication, distribution, etc. London :
Name of publisher, distributor, etc. Sage Publications,
Date of publication, distribution, etc. 2008
300 ## - PHYSICAL DESCRIPTION
Extent 1 online resources (8 pages)
336 ## - CONTENT TYPE
Content type term text
Source rdacontent
337 ## - MEDIA TYPE
Media type term computer
Source rdamedia
338 ## - CARRIER TYPE
Carrier type term online resource
Source rdacarrier
650 ## - SUBJECT ADDED ENTRY--TOPICAL TERM
Topical term or geographic name entry element False labelling
9 (RLIN) 295
650 ## - SUBJECT ADDED ENTRY--TOPICAL TERM
Topical term or geographic name entry element Food law
9 (RLIN) 293
650 ## - SUBJECT ADDED ENTRY--TOPICAL TERM
Topical term or geographic name entry element Halal
9 (RLIN) 294
700 ## - ADDED ENTRY--PERSONAL NAME
Personal name Shuja Shafi
9 (RLIN) 297
700 ## - ADDED ENTRY--PERSONAL NAME
Personal name Teinaz, Yunez
9 (RLIN) 296
856 ## - ELECTRONIC LOCATION AND ACCESS
Public note Request full-text at [email protected]
942 ## - ADDED ENTRY ELEMENTS (KOHA)
Source of classification or shelving scheme Library of Congress Classification
942 ## - ADDED ENTRY ELEMENTS (KOHA)
Koha item type Articles
942 ## - ADDED ENTRY ELEMENTS (KOHA)
Call number prefix JART 001003
Holdings
Withdrawn status Lost status Source of classification or shelving scheme Damaged status Not for loan Home library Current library Shelving location Date acquired Total checkouts Full call number Date last seen Price effective from Koha item type
    Library of Congress Classification     Halal Development Corporation Library Halal Development Corporation Library Open Shelves 24/05/2023   JART 001003 24/05/2023 24/05/2023 Articles
Halal Development Corporation Berhad (HDC)
5.02 Level 5, KPMG Tower, First Avenue, Persiaran Bandar Utama, 47800 Petaling Jaya, Selangor Darul Ehsan
Phone: +603 7965 5489 Email: [email protected]